01222nam a2200313Ia 4500001001200000003000800012006001900020007001500039008004100054010001700095020002800112020003100140040002100171035002100192050002600213082001600239245012200255260005400377300002500431500002000456533015200476650004900628650002500677655002900702700001900731710001700750856012600767999001500893ebr10269249CaPaEBRm u cr cn|||||||||080611s2009 enka s 001 0 eng d z 2008025072 z184593394X (alk. paper) z9781845933944 (alk. paper) aCaPaEBRcCaPaEBR a(OCoLC)64678784814aSF140.M35bR47 2009eb04a636/.0822200aResource allocation theory applied to farm animal productionh[electronic resource] /cedited by Wendy Mercedes Rauw. aWallingford, UK ;aCambridge, MA :bCABI,cc2009. aviii, 335 p. :bill. aIncludes index. aElectronic reproduction.bPalo Alto, Calif. :cebrary,d2009.nAvailable via World Wide Web.nAccess may be limited to ebrary affiliated libraries. 0aLivestock productivityxMathematical models. 0aResource allocation. 7aElectronic books.2local1 aRauw, Wendy M.2 aebrary, Inc.40uhttp://site.ebrary.com/lib/rucke/Doc?id=10269249zAn electronic book accessible through the World Wide Web; click to view c8433d8433